| 000 | 00456nam a2200145 a 4500 | ||
|---|---|---|---|
| 001 | 000039944 | ||
| 005 | 20201002033826.0 | ||
| 008 | 130731s1969 mx 000 0 spa d | ||
| 040 |
_aDO-SdBNP _bspa _cBNPHU |
||
| 082 | _axxx | ||
| 100 | 1 |
_aLewis, Oscar _961089 |
|
| 245 | 1 | 3 |
_aLa vida : _bUna familia puertorriqueña en la cultura de la pobreza: San Juan y New York / _cOscar Lewis. |
| 260 |
_aMéxico : _bJoaquín Mortiz, _c1969. |
||
| 300 |
_a646 p. ; _c21 cm. |
||
| 999 |
_c39434 _d39434 |
||